ბათუმის შოთა რუსთაველის სახელმწიფო უნივერსიტეტის ბიბლიოთეკა

ძველი ქართული აგიოგრაფიული ლიტერატურის ძეგლები. წ. 6 / (ბიბ.ჩანაწერი № 55888)

000 -ლიდერი
ფიქსირებული სიგრძის საკონტროლო ველი 01691nam a2200277Ia 4500
001 - საკონტროლო ნომერი
საკონტროლო ველი 22986
003 - საკონტროლო ნომრის იდენტიფიკატორი
საკონტროლო ველი GE_BSU
005 - ბოლო ოპერაციის თარიღი და დრო
საკონტროლო ველი 20230614160248.0
008 - ფიქსირებული სიგრძის მონაცემთა ელემენტები - ზოგადი ინფორმაცია
ფიქსირებული სიგრძის საკონტროლო ველი 181216s ||||ge |||||||||||||| ||geo||
040 ## - კატალოგიზაციის წყარო
Transcribing agency GE_BSU
041 ## - ენის კოდი
Language code of text/sound track or separate title geo
080 ## - უნივერსალური ათობითი კლასიფიკაციის ინდექსი
Universal Decimal Classification number 821.353.1(აგიოგრ.) ძ-49
245 ## - ცნობა სათაურის შესახებ
Title ძველი ქართული აგიოგრაფიული ლიტერატურის ძეგლები. წ. 6 /
Statement of responsibility, etc ტექსტი გამოსაც. მოამზადეს, გამოკვლევა, ლექსიკონი და საძიებელი დაურთეს ე. გაბიძაშვილმა და მ. ქავთარიამ ; რედ. მ. შანიძე.
264 ## - წარმოების, გამოცემის, დისტრიბუციის და სხვა ცნობები
გამოცემის, წარმოების, დისტრიბუციის... ადგილი თბილისი :
გამოცემის, წარმოების, დისტრიბუციის... სახელწოდება [?],
გამოცემის, წარმოების, დისტრიბუციის... თარიღი 1980.
300 ## - ფიზიკური აღწერა
Extent 644 გვ. 26 სმ.
500 ## - ზოგადი შენიშვნა
General note პარალ. სათ. რუს. ენაზე
500 ## - ზოგადი შენიშვნა
General note საძიებელი : გვ.630-642
520 ## - SUMMARY, ETC.
Summary, etc პარალ. სათ. რუს. ენ.
653 ## - INDEX TERM--UNCONTROLLED
Uncontrolled term ანტონ ბაგრატიონის (ანტონ I კათალიკოსის) მარტიროლოგიური კრებული "მარტირიკა
653 ## - INDEX TERM--UNCONTROLLED
Uncontrolled term ქართული ხელნაწერები
653 ## - INDEX TERM--UNCONTROLLED
Uncontrolled term ქართული ჰაგიოგრაფიული ლიტერატურა
653 ## - INDEX TERM--UNCONTROLLED
Uncontrolled term ძველი ქართული აგიოგრაფიული ლიტერატურის ძეგლები
700 ## - ADDED ENTRY--PERSONAL NAME
Personal name შანიძე, მ.
Relator term რედაქტორი
9 (RLIN) 3725
942 ## - ADDED ENTRY ELEMENTS (KOHA)
Koha item type წიგნი
Source of classification or shelving scheme
ეგზემპლარები
ჩამოწერის სტატუსი დაკარგული ეგზემპლარის სტატუსი კლასიფიკაციის წყარო ან თაროზე გაწყობის სქემა დაზიანების სტატუსი არ გაიცემა მუდმივი მდებარეობა (დაცვის ადგილი) ამჟამინდელი ადგილსამყოფელი თაროზე განთავსების ადგილი შეძენის თარიღი ღირებულება, შესყიდვის ნორმალური ფასი სრული შენახვის შიფრი შტრიხკოდი ბოლო ოპერაციის თარიღი ეგზემპლარის მიმდევრობითი ნომერი (კეტერი?) ფასის ძალაში შესვლის თარიღი ეგზემპლარის სახეობა საჯარო შენიშვნა
          ბათუმის შოთა რუსთაველის სახელმწიფო უნივერსიტეტის მთავარი ბიბლიოთეკა ბათუმის შოთა რუსთაველის სახელმწიფო უნივერსიტეტის მთავარი ბიბლიოთეკა წიგნსაცავი 2018-12-17 8.00 821.353.1(აგიოგრ.) ძ-49 58403 2018-12-17 58403 2018-12-17 წიგნი 8.00 ₾.
          ბათუმის შოთა რუსთაველის სახელმწიფო უნივერსიტეტის მთავარი ბიბლიოთეკა ბათუმის შოთა რუსთაველის სახელმწიფო უნივერსიტეტის მთავარი ბიბლიოთეკა წიგნსაცავი 2018-12-17 8.00 821.353.1(აგიოგრ.) ძ-49 58402 2018-12-17 58402 2018-12-17 წიგნი 8.00 ₾.